Movie by Running Joke Quiz Stats

 Plays Quiz Updated Oct 4, 2016

Support Sporcle.
Go Orange.
Score 0/16 Timer 05:00
2 Plays Today
% Correct
Pirates of the Caribbean: The Curse of the Black Pearl
94.2%
Happy Gilmore
84.8%
Waterboy
64.9%
Zombieland
60.6%
Zoolander
57.7%
Hot Fuzz
54%
Old School
51.5%
Forrest Gump
49%
% Correct
Eurotrip
46.6%
Superbad
45%
Inglourious Basterds
44%
Ace Ventura: Pet Detective
42.7%
Hot Tub Time Machine
41.8%
Monty Python and the Holy Grail
35.6%
Mean Girls
24.6%
Wet Hot American Summer
15.8%

From the Vault

English Football Players

by smac17

Sports 5m
The pitch means something very different to sporting Brits than it does to Americans.
Remove Ads.
Support Sporcle.
Get the best of Sporcle when you Go Orange. This ad-free experience offers more features, more stats, and more fun while also helping to support Sporcle. Thank you for becoming a member.

Show Comments

Extras

Top Quizzes Today


Score Distribution

Your Account Isn't Verified!

In order to create a playlist on Sporcle, you need to verify the email address you used during registration. Go to your Sporcle Settings to finish the process.

Report this User

Report this user for behavior that violates our Community Guidelines.

Details: